[Event "10. Copenhagen Open"]
[Site "Copenhagen"]
[Date "1988.??.??"]
[Round "4"]
[White "Riemersma, Liafbern"]
[Black "Sinkovics, Peter"]
[Result "1-0"]
[WhiteElo "2420"]
[BlackElo "2310"]
[PlyCount "185"]
[EventDate "1988.??.??"]
[EventType "swiss"]
[EventRounds "10"]
[EventCountry "DEN"]
[SourceDate "2004.01.01"]

1. e4 e6 2. d4 d5 3. Nc3 Bb4 4. e5 Ne7 5. a3 Bxc3+ 6. bxc3 c5 7. Qg4 Qc7 8.
Qxg7 Rg8 9. Qxh7 cxd4 10. Ne2 Nbc6 11. f4 Bd7 12. Qd3 dxc3 13. Nxc3 Na5 14. Nb5
Bxb5 15. Qxb5+ Nec6 16. Be3 O-O-O 17. Kf2 d4 18. Bd2 Rd5 19. Qd3 Rc5 20. Be2
Rd8 21. h4 Nc4 22. Rac1 Nxd2 23. Qxd2 f6 24. exf6 e5 25. Rhf1 e4 26. Kg1 Qf7
27. f5 e3 28. Qe1 Rg8 29. c3 Qxf6 30. cxd4 Rxc1 31. Qxc1 Qg7 32. Bf3 Qxd4 33.
Rd1 Qf4 34. Rf1 Qd4 35. Qe1 Ne5 36. Qb4 Nxf3+ 37. Rxf3 Qd1+ 38. Rf1 Qc2 39. g4
a5 40. Qf4 Re8 41. f6 e2 42. Re1 Re4 43. Qf5+ Kc7 44. f7 Qd2 45. Qc5+ Kd7 46.
Qb5+ Kc7 47. Qc5+ Kd7 48. Qf5+ Kc7 49. f8=Q Qxe1+ 50. Kg2 Qg1+ 51. Kxg1 e1=Q+
52. Kg2 Re2+ 53. Qf2 b5 54. h5 Rxf2+ 55. Qxf2 Qc3 56. Qg3+ Qxg3+ 57. Kxg3 b4
58. h6 b3 59. h7 b2 60. h8=Q b1=Q 61. Qe5+ Kc6 62. Qxa5 Qg1+ 63. Kh4 Qf2+ 64.
Kh5 Qf7+ 65. Kg5 Qg7+ 66. Kh4 Qh7+ 67. Qh5 Qe7+ 68. Qg5 Qh7+ 69. Kg3 Qd3+ 70.
Kf4 Qxa3 71. Qe5 Qf8+ 72. Ke4 Qg8 73. g5 Qh7+ 74. Kf4 Kb6 75. Qe6+ Ka7 76. g6
Qh4+ 77. Kf5 Qf2+ 78. Kg5 Qg3+ 79. Kh6 Qh4+ 80. Kg7 Qd4+ 81. Kg8 Ka8 82. Qe8+
Ka7 83. g7 Ka6 84. Qe6+ Ka5 85. Kf8 Qf4+ 86. Ke8 Qa4+ 87. Ke7 Qh4+ 88. Ke8 Qa4+
89. Kd8 Qd4+ 90. Qd7 Qf6+ 91. Qe7 Qd4+ 92. Kc8 Qg4+ 93. Qd7 1-0

[Event "10. Copenhagen Open"]
[Site "Copenhagen"]
[Date "1988.??.??"]
[Round "4"]
[White "Westerinen, Heikki"]
[Black "Lffler, Stefan"]
[Result "0-1"]
[WhiteElo "2395"]
[BlackElo "2290"]
[PlyCount "120"]
[EventDate "1988.??.??"]
[EventType "swiss"]
[EventRounds "10"]
[EventCountry "DEN"]
[SourceDate "2004.01.01"]

1. e4 c5 2. Nf3 e6 3. d4 cxd4 4. Nxd4 Nc6 5. Nb5 d6 6. Bf4 e5 7. Be3 a6 8. N5c3
Nf6 9. Bc4 Be6 10. Nd5 Nxe4 11. Bb6 Qg5 12. Nc7+ Kd7 13. Bxe6+ fxe6 14. Nxa8
Qxg2 15. Rf1 Be7 16. Qe2 Rxa8 17. f3 Qg5 18. Nd2 Qh4+ 19. Bf2 Nxf2 20. Qxf2 Rc8
21. Qxh4 Bxh4+ 22. Kd1 Nd4 23. c3 Nf5 24. Ke2 Bg5 25. Rg1 Bf4 26. Nf1 g6 27.
Ng3 d5 28. Rad1 Ne3 29. Rd3 Nc4 30. b3 Nb2 31. Rd2 Bxd2 32. Kxd2 Rf8 33. Ke2
Rc8 34. Rb1 Rxc3 35. Rxb2 Kc6 36. Nf1 Kc5 37. Ne3 e4 38. fxe4 Kd4 39. Nd1 Rh3
40. Rd2+ Ke5 41. Kf1 dxe4 42. Nf2 Rh4 43. Rd7 b6 44. Kg2 e3 45. Nd3+ Ke4 46. h3
Rh5 47. Ne1 Rg5+ 48. Kh2 Rf5 49. Rd6 e5 50. Rxb6 Rf1 51. Rb4+ Kf5 52. Ng2 e2
53. Ne3+ Ke6 54. Ng2 Rf2 55. Re4 Kd5 56. Kg3 Rxg2+ 57. Kxg2 Kxe4 58. Kf2 Kd3
59. Ke1 g5 60. b4 h5 0-1

[Event "10. Copenhagen Open"]
[Site "Copenhagen"]
[Date "1988.??.??"]
[Round "5"]
[White "Bang, Andreas"]
[Black "Callergard, Robert"]
[Result "0-1"]
[WhiteElo "2250"]
[BlackElo "2340"]
[PlyCount "110"]
[EventDate "1988.??.??"]
[EventType "swiss"]
[EventRounds "10"]
[EventCountry "DEN"]
[SourceDate "2004.01.01"]

1. Nf3 c5 2. c4 Nf6 3. d4 cxd4 4. Nxd4 g6 5. e4 Bg7 6. Be3 Nc6 7. Nc3 O-O 8.
Be2 b6 9. O-O Bb7 10. f3 Rc8 11. Qd2 d6 12. Rac1 Re8 13. Nb3 Ne5 14. Nd5 e6 15.
Nxf6+ Bxf6 16. Rfd1 Ba6 17. Qb4 d5 18. exd5 exd5 19. Rxd5 Nc6 20. Rxd8 Nxb4 21.
Rxc8 Bxc8 22. Kf2 Bxb2 23. Rd1 Be6 24. c5 Bxb3 25. axb3 Nc2 26. Rd2 Bc1 27.
Rxc2 Bxe3+ 28. Kf1 Bxc5 29. Bc4 Kg7 30. Rd2 Re7 31. g3 Kf6 32. Kg2 a5 33. Rd5
Rc7 34. f4 Bf8 35. Rd8 Be7 36. Ra8 Bc5 37. g4 Rd7 38. Kf3 Re7 39. g5+ Kg7 40.
h4 h6 41. f5 gxf5 42. gxh6+ Kxh6 43. Rg8 Re3+ 44. Kf4 a4 45. Bxf7 axb3 46. Rg2
Re1 47. Kxf5 Rf1+ 48. Ke6 Bd4 49. Rg6+ Kh7 50. Rg5 Re1+ 51. Kd5 Bf6 52. Bg6+
Kh6 53. Rg2 b2 54. Bc2 Kh5 55. Rg6 Bd8 0-1

[Event "10. Copenhagen Open"]
[Site "Copenhagen"]
[Date "1988.??.??"]
[Round "5"]
[White "Davies, Nigel"]
[Black "Djurhuus, Rune"]
[Result "1/2-1/2"]
[WhiteElo "2450"]
[BlackElo "2315"]
[PlyCount "46"]
[EventDate "1988.??.??"]
[EventType "swiss"]
[EventRounds "10"]
[EventCountry "DEN"]
[SourceDate "2004.01.01"]

1. e4 e6 2. d4 d5 3. Nc3 Bb4 4. e5 c5 5. a3 Bxc3+ 6. bxc3 Ne7 7. Nf3 Bd7 8. a4
Qa5 9. Bd2 Nbc6 10. Be2 f6 11. exf6 gxf6 12. c4 Qc7 13. cxd5 Nxd5 14. c3 O-O-O
15. O-O Rhg8 16. Re1 e5 17. c4 Bh3 18. Bf1 Nf4 19. Bxf4 exf4 20. d5 Bg4 21. Be2
Bh3 22. Bf1 Bg4 23. Be2 Bh3 1/2-1/2

[Event "10. Copenhagen Open"]
[Site "Copenhagen"]
[Date "1988.??.??"]
[Round "5"]
[White "Ernst, Thomas"]
[Black "Haugli, Petter"]
[Result "1/2-1/2"]
[WhiteElo "2455"]
[BlackElo "2350"]
[PlyCount "47"]
[EventDate "1988.??.??"]
[EventType "swiss"]
[EventRounds "10"]
[EventCountry "DEN"]
[SourceDate "2004.01.01"]

1. e4 e6 2. d4 d5 3. Nd2 Nf6 4. e5 Nfd7 5. Bd3 c5 6. c3 Nc6 7. Ne2 Qb6 8. Nf3
cxd4 9. cxd4 f6 10. exf6 Nxf6 11. O-O Bd6 12. Bd2 O-O 13. Bc3 Bd7 14. Ng3 Bf4
15. Kh1 Kh8 16. Ne2 Bd6 17. Rc1 Rae8 18. h3 e5 19. dxe5 Nxe5 20. Bd4 Qa5 21.
Bc3 Qb6 22. Bd4 Qa5 23. Bc3 Qb6 24. Bd4 1/2-1/2

[Event "10. Copenhagen Open"]
[Site "Copenhagen"]
[Date "1988.??.??"]
[Round "5"]
[White "Groszpeter, Attila"]
[Black "Thorsteins, Karl"]
[Result "1-0"]
[WhiteElo "2495"]
[BlackElo "2440"]
[PlyCount "125"]
[EventDate "1988.??.??"]
[EventType "swiss"]
[EventRounds "10"]
[EventCountry "DEN"]
[SourceDate "2004.01.01"]

1. d4 Nf6 2. c4 e6 3. Nc3 d5 4. Bg5 Be7 5. e3 h6 6. Bh4 O-O 7. Nf3 b6 8. Be2
Bb7 9. Bxf6 Bxf6 10. cxd5 exd5 11. O-O Re8 12. b4 a6 13. a4 Qd6 14. Qb3 Nd7 15.
b5 a5 16. Ne1 Nf8 17. Bf3 Rad8 18. Nd3 Ne6 19. g3 g6 20. Bg2 h5 21. Rad1 h4 22.
Ne5 hxg3 23. hxg3 Bxe5 24. dxe5 Qxe5 25. Nxd5 Nc5 26. Qc4 Kg7 27. Rd4 Rh8 28.
Rfd1 Ne6 29. R4d2 Ng5 30. Qf4 Qxf4 31. gxf4 Ne6 32. Nxc7 Rxd2 33. Nxe6+ fxe6
34. Rxd2 Bxg2 35. Kxg2 Rc8 36. Rd6 Kf6 37. Rd4 Rc2 38. Kf3 Ke7 39. Kg3 Re2 40.
Rc4 Ra2 41. Kf3 Kf6 42. e4 g5 43. fxg5+ Kxg5 44. Kg3 e5 45. f3 Ra3 46. Rc6 Rxa4
47. Re6 Rb4 48. Rxe5+ Kf6 49. Kf4 a4 50. Rf5+ Ke6 51. Rh5 a3 52. Rh6+ Kd7 53.
Rh7+ Kd6 54. Ra7 Rb3 55. Ra6 Kc5 56. e5 Kxb5 57. e6 Kc6 58. Ra7 Rb2 59. Rxa3
Kd6 60. Kf5 Re2 61. Rd3+ Ke7 62. Rd7+ Ke8 63. Rb7 1-0

[Event "10. Copenhagen Open"]
[Site "Copenhagen"]
[Date "1988.??.??"]
[Round "5"]
[White "Hansen, Lars Bo"]
[Black "Hansen, Soren Bech"]
[Result "1-0"]
[WhiteElo "2365"]
[BlackElo "2255"]
[PlyCount "131"]
[EventDate "1988.??.??"]
[EventType "swiss"]
[EventRounds "10"]
[EventCountry "DEN"]
[SourceDate "2004.01.01"]

1. d4 e6 2. Nf3 f5 3. g3 Nf6 4. Bg2 d5 5. O-O Bd6 6. c4 c6 7. Bg5 O-O 8. Nbd2
b6 9. Rc1 Bb7 10. Ne5 Qe8 11. Ndf3 Ne4 12. Bf4 Qe7 13. Nd3 Nd7 14. Bxd6 Qxd6
15. cxd5 exd5 16. Qa4 a5 17. Nfe5 Nxe5 18. Nxe5 Rac8 19. a3 c5 20. Bxe4 dxe4
21. Qd7 Qc7 22. Qxc7 Rxc7 23. dxc5 Rfc8 24. Rfd1 h6 25. Nd7 bxc5 26. Nb6 Rb8
27. Rd2 Bc6 28. Nc4 a4 29. Ne3 Bd7 30. Nd5 Rcb7 31. Rxc5 Kf7 32. Nb4 Kg6 33.
Rd6+ Kh7 34. Kf1 Bc8 35. Rc3 Rb5 36. h4 R5b7 37. Ke1 Rb5 38. Kd2 R5b7 39. Ke3
Rb5 40. Rdc6 Bd7 41. Rc7 R8b7 42. Kd4 Kg6 43. Rxb7 Rxb7 44. Ke5 Be8 45. Rc2
Re7+ 46. Kf4 e3 47. fxe3 Re4+ 48. Kf3 Kf6 49. Nd3 g5 50. hxg5+ hxg5 51. Rc7 Re6
52. Kf2 Rb6 53. Rc4 Rd6 54. Rd4 Re6 55. Rb4 Rd6 56. Nc5 Rd2 57. Nxa4 Bxa4 58.
Rxa4 Rxb2 59. e4 fxe4 60. Rxe4 Ra2 61. Ra4 Kf5 62. g4+ Ke5 63. Kf3 Ra1 64. Ra5+
Kf6 65. Ke4 Rf1 66. Rf5+ 1-0

[Event "10. Copenhagen Open"]
[Site "Copenhagen"]
[Date "1988.??.??"]
[Round "5"]
[White "Hvenekilde, Jorgen"]
[Black "Berg, Klaus"]
[Result "0-1"]
[WhiteElo "2320"]
[BlackElo "2370"]
[PlyCount "148"]
[EventDate "1988.??.??"]
[EventType "swiss"]
[EventRounds "10"]
[EventCountry "DEN"]
[SourceDate "2004.01.01"]

1. e4 c6 2. Nc3 d5 3. d3 dxe4 4. Nxe4 Bf5 5. Bd2 Nd7 6. Ne2 Ngf6 7. N2g3 Bxe4
8. dxe4 e6 9. Bd3 Nc5 10. Qe2 Nxd3+ 11. cxd3 Be7 12. Bc3 O-O 13. O-O Bc5 14. d4
Bxd4 15. Rad1 e5 16. Nf5 c5 17. Rd3 g6 18. Nh6+ Kg7 19. Bd2 Nh5 20. g3 f6 21.
Ng4 Kh8 22. b3 Qe7 23. Ne3 Rad8 24. a4 Qe6 25. Nc4 Rf7 26. Rc1 Ng7 27. Kg2 Ne8
28. b4 cxb4 29. Bxb4 Rc7 30. Rd2 Rdc8 31. Rdc2 b6 32. h4 Kg8 33. Qd3 Bc5 34.
Bxc5 Rxc5 35. Ne3 Kf7 36. h5 Rxc2 37. hxg6+ hxg6 38. Rxc2 Rxc2 39. Qxc2 Kg7 40.
Nd5 Qd7 41. Qd1 Nc7 42. Nc3 Qxd1 43. Nxd1 Kf7 44. Kf3 Ke6 45. Ke3 Kd6 46. Kd3
Kc5 47. Kc3 b5 48. Nb2 bxa4 49. Nxa4+ Kb5 50. Nb2 Ne6 51. Nc4 Ng5 52. Nd2 Nh3
53. f3 Ng1 54. Kd3 a5 55. f4 a4 56. fxe5 fxe5 57. Nc4 Nf3 58. Kc3 Kc5 59. Nb2
a3 60. Na4+ Kb5 61. Kb3 Nd2+ 62. Kxa3 Nxe4 63. Nb2 Kc5 64. Kb3 Kd4 65. Kc2 Nxg3
66. Kd2 e4 67. Nd1 Nf5 68. Ke2 g5 69. Nf2 Ng3+ 70. Ke1 Ke3 71. Ng4+ Kf4 72. Nf2
g4 73. Nd1 Kf3 74. Kd2 Nf5 0-1

[Event "10. Copenhagen Open"]
[Site "Copenhagen"]
[Date "1988.??.??"]
[Round "5"]
[White "Hoiberg, Nina"]
[Black "Clausen, Steen"]
[Result "1/2-1/2"]
[WhiteElo "2285"]
[BlackElo "2270"]
[PlyCount "69"]
[EventDate "1988.??.??"]
[EventType "swiss"]
[EventRounds "10"]
[EventCountry "DEN"]
[SourceDate "2004.01.01"]

1. e4 c5 2. Nf3 d6 3. d4 cxd4 4. Nxd4 Nf6 5. Nc3 a6 6. f4 e5 7. Nf3 Qc7 8. Bd3
Nbd7 9. O-O b5 10. Kh1 Bb7 11. Nd5 Bxd5 12. exd5 Be7 13. Ng5 h6 14. Ne4 Nxe4
15. Bxe4 Nf6 16. Bf5 Rd8 17. a4 g6 18. Bd3 e4 19. Be2 Rb8 20. axb5 axb5 21. b3
O-O 22. f5 g5 23. Be3 b4 24. Qd2 Rfc8 25. Bc4 Ng4 26. Ra7 Rb7 27. Rxb7 Qxb7 28.
Qe2 Nxe3 29. Qxe3 Bf6 30. Qxe4 Qb6 31. Re1 Ra8 32. h3 Qf2 33. Rf1 Ra1 34. Rxa1
Bxa1 35. g4 1/2-1/2

[Event "10. Copenhagen Open"]
[Site "Copenhagen"]
[Date "1988.??.??"]
[Round "5"]
[White "Jakobsen, Ole"]
[Black "Barbero, Gerardo F"]
[Result "1/2-1/2"]
[WhiteElo "2385"]
[BlackElo "2505"]
[PlyCount "61"]
[EventDate "1988.??.??"]
[EventType "swiss"]
[EventRounds "10"]
[EventCountry "DEN"]
[SourceDate "2004.01.01"]

1. c4 c5 2. Nf3 g6 3. g3 b6 4. Bg2 Bb7 5. O-O Bg7 6. Nc3 Nf6 7. d4 cxd4 8. Nxd4
Bxg2 9. Kxg2 Qc7 10. b3 O-O 11. Bb2 Qb7+ 12. Kg1 d6 13. Re1 Nbd7 14. e4 a6 15.
Qf3 Rab8 16. Rad1 Rfe8 17. h3 e6 18. Ba3 Qc7 19. Ndb5 axb5 20. Bxd6 Qb7 21.
Bxb8 b4 22. Bd6 bxc3 23. Qd3 Ra8 24. a4 h5 25. e5 Ne8 26. Qxc3 Nxd6 27. Rxd6
Qc7 28. Qd4 Ra7 29. Rd1 Nxe5 30. Qxb6 Qb7 31. a5 1/2-1/2

[Event "10. Copenhagen Open"]
[Site "Copenhagen"]
[Date "1988.??.??"]
[Round "5"]
[White "Karsa, Laszlo"]
[Black "Bern, Ivar"]
[Result "1-0"]
[WhiteElo "2400"]
[BlackElo "2340"]
[PlyCount "79"]
[EventDate "1988.??.??"]
[EventType "swiss"]
[EventRounds "10"]
[EventCountry "DEN"]
[SourceDate "2004.01.01"]

1. d4 c5 2. d5 d6 3. Nc3 e5 4. e4 a6 5. a4 b6 6. h3 Ne7 7. Nf3 Ng6 8. Nd2 Be7
9. Nc4 Nd7 10. g3 h5 11. h4 Ngf8 12. Bg5 Qc7 13. Bxe7 Kxe7 14. Bh3 Nf6 15. Bxc8
Rxc8 16. f4 N8d7 17. O-O Ng4 18. Qd2 Kf8 19. Nd1 Re8 20. Nde3 Ndf6 21. Nxg4
Nxg4 22. Ra3 exf4 23. Rxf4 Ne5 24. Nxe5 Rxe5 25. Qd3 g5 26. hxg5 Rg8 27. Qxa6
Rexg5 28. Kf2 h4 29. Rxh4 Qd8 30. Rf3 Rxg3 31. Rxg3 Rxg3 32. Kxg3 Qg5+ 33. Rg4
Qe3+ 34. Kg2 Qd2+ 35. Kf3 Qd1+ 36. Qe2 Qh1+ 37. Kf4 Qc1+ 38. Kf5 Qxb2 39. Qh2
Qc3 40. Qxd6+ 1-0

[Event "10. Copenhagen Open"]
[Site "Copenhagen"]
[Date "1988.??.??"]
[Round "5"]
[White "Kaspersen, Morten"]
[Black "Jacobsen, Bo"]
[Result "0-1"]
[WhiteElo "2250"]
[BlackElo "2280"]
[PlyCount "62"]
[EventDate "1988.??.??"]
[EventType "swiss"]
[EventRounds "10"]
[EventCountry "DEN"]
[SourceDate "2004.01.01"]

1. d4 Nf6 2. c4 g6 3. Nc3 Bg7 4. e4 d6 5. Nf3 O-O 6. Be2 e5 7. O-O Nc6 8. Be3
Ng4 9. Bg5 f6 10. Bh4 Nh6 11. dxe5 dxe5 12. c5 Qe7 13. Nd5 Qf7 14. b4 Be6 15.
b5 Nd4 16. Nxd4 exd4 17. Qc2 f5 18. Nf4 Kh8 19. Nxe6 Qxe6 20. Bd3 fxe4 21. Bxe4
d3 22. Qxd3 Bxa1 23. Rxa1 Qe5 24. Re1 Nf5 25. f4 Qxf4 26. Bf2 h5 27. g3 Qg4 28.
Bxb7 Rad8 29. Qc3+ Kh7 30. Re2 Rd1+ 31. Kg2 Nh4# 0-1

[Event "10. Copenhagen Open"]
[Site "Copenhagen"]
[Date "1988.??.??"]
[Round "5"]
[White "Kruszynski, Wlodzimierz"]
[Black "Inkiov, Ventzislav"]
[Result "0-1"]
[WhiteElo "2335"]
[BlackElo "2490"]
[PlyCount "102"]
[EventDate "1988.??.??"]
[EventType "swiss"]
[EventRounds "10"]
[EventCountry "DEN"]
[SourceDate "2004.01.01"]

1. e4 c5 2. Nf3 d6 3. d4 cxd4 4. Nxd4 Nf6 5. Nc3 Nc6 6. Be2 g6 7. Nb3 Bg7 8.
O-O O-O 9. Bg5 Be6 10. Kh1 Na5 11. f4 Nc4 12. f5 Nxb2 13. Qe1 Bd7 14. Qh4 Rc8
15. Rf3 Re8 16. Raf1 Rxc3 17. Rxc3 Nxe4 18. fxg6 hxg6 19. Rcf3 Nxg5 20. Qxg5
Be6 21. Qb5 Qc8 22. c3 Nc4 23. Qg5 Ne5 24. Rg3 Bc4 25. Qe3 Bxe2 26. Qxe2 Qc4
27. Qf2 f5 28. h3 Rf8 29. Nd2 Qxa2 30. c4 Bh6 31. Rd1 Qc2 32. Qe2 Bf4 33. Ra3
Bxd2 34. Rxa7 Nxc4 35. Rxb7 Rf7 36. Rc7 d5 37. Rxc4 dxc4 38. Rxd2 Qe4 39. Qxe4
fxe4 40. Re2 c3 41. Kg1 Rf6 42. Rxe4 Rc6 43. Re1 c2 44. Rc1 Kf7 45. Kf2 Kf6 46.
Ke2 Ke5 47. g3 Ke4 48. h4 Kf5 49. Kf2 Kg4 50. Kg2 Rc3 51. Kf2 e5 0-1

[Event "10. Copenhagen Open"]
[Site "Copenhagen"]
[Date "1988.??.??"]
[Round "5"]
[White "Kupreichik, Victor"]
[Black "Conquest, Stuart"]
[Result "1-0"]
[WhiteElo "2510"]
[BlackElo "2315"]
[PlyCount "55"]
[EventDate "1988.??.??"]
[EventType "swiss"]
[EventRounds "10"]
[EventCountry "DEN"]
[SourceDate "2004.01.01"]

1. e4 e5 2. Nf3 Nc6 3. Bb5 a6 4. Ba4 Nf6 5. O-O Be7 6. Re1 b5 7. Bb3 d6 8. a4
b4 9. d4 Bg4 10. dxe5 Nxe5 11. Nbd2 Qc8 12. h3 Bh5 13. Re3 O-O 14. Qe1 Nxf3+
15. Nxf3 Re8 16. Bd2 a5 17. c3 c5 18. cxb4 cxb4 19. Nd4 Bg6 20. Rc1 Qb7 21. Nc6
Bf8 22. f3 Qb6 23. Kh1 Rac8 24. Bd5 Nxd5 25. exd5 Rxe3 26. Bxe3 Qa6 27. Bb6 f6
28. Ne7+ 1-0

[Event "10. Copenhagen Open"]
[Site "Copenhagen"]
[Date "1988.??.??"]
[Round "5"]
[White "Lffler, Stefan"]
[Black "Hoi, Carsten"]
[Result "1/2-1/2"]
[WhiteElo "2290"]
[BlackElo "2405"]
[PlyCount "87"]
[EventDate "1988.??.??"]
[EventType "swiss"]
[EventRounds "10"]
[EventCountry "DEN"]
[SourceDate "2004.01.01"]

1. d4 d6 2. Nf3 g6 3. c4 Bg7 4. g3 Nf6 5. Bg2 O-O 6. O-O Bg4 7. Nc3 Bxf3 8.
exf3 c6 9. Re1 e6 10. Qb3 Qb6 11. Qxb6 axb6 12. d5 exd5 13. cxd5 Nxd5 14. Nxd5
cxd5 15. f4 Nc6 16. Bxd5 Nb4 17. Bxb7 Rxa2 18. Rxa2 Nxa2 19. b3 Rb8 20. Ba3 Bf8
21. Bf3 Nc3 22. Bb2 Nb5 23. Bc6 Nc7 24. f5 gxf5 25. Bd7 Na6 26. Bxf5 Bg7 27.
Bxg7 Kxg7 28. Rd1 Rd8 29. Rd4 h6 30. b4 d5 31. Kg2 Kf6 32. Bd3 Nc7 33. Rh4 Kg7
34. Rg4+ Kf6 35. Rh4 Kg7 36. Rg4+ Kf6 37. Kf3 Ne6 38. Rh4 Kg7 39. Ke3 Ra8 40.
Rg4+ Kf6 41. Rh4 Kg7 42. Rg4+ Kf6 43. Rh4 Kg7 44. Rg4+ 1/2-1/2

[Event "10. Copenhagen Open"]
[Site "Copenhagen"]
[Date "1988.??.??"]
[Round "5"]
[White "Nerlov, Claus"]
[Black "Iskov, Gert"]
[Result "1/2-1/2"]
[WhiteElo "2265"]
[BlackElo "2345"]
[PlyCount "68"]
[EventDate "1988.??.??"]
[EventType "swiss"]
[EventRounds "10"]
[EventCountry "DEN"]
[SourceDate "2004.01.01"]

1. e4 c5 2. Nf3 e6 3. d4 cxd4 4. Nxd4 a6 5. g3 d5 6. Nd2 dxe4 7. Nxe4 e5 8. Nb3
Qxd1+ 9. Kxd1 Nc6 10. Bg2 Bg4+ 11. f3 Bf5 12. Be3 Nf6 13. Nxf6+ gxf6 14. c3
O-O-O+ 15. Ke2 Bd3+ 16. Kf2 Kc7 17. Rhd1 Be7 18. Rd2 Bc4 19. Rad1 Rxd2+ 20.
Rxd2 Bxb3 21. axb3 Na5 22. b4 Nc4 23. Rc2 h5 24. Bc1 h4 25. g4 f5 26. gxf5 h3
27. Bf1 Nd6 28. Bd3 Rh5 29. Re2 Bh4+ 30. Kg1 Bg5 31. Bxg5 Rxg5+ 32. Kf2 Nxf5
33. Rxe5 Rg2+ 34. Kf1 Nd6 1/2-1/2

[Event "10. Copenhagen Open"]
[Site "Copenhagen"]
[Date "1988.??.??"]
[Round "5"]
[White "Pieniazek, Artur"]
[Black "Westerinen, Heikki"]
[Result "0-1"]
[WhiteElo "2275"]
[BlackElo "2395"]
[PlyCount "48"]
[EventDate "1988.??.??"]
[EventType "swiss"]
[EventRounds "10"]
[EventCountry "DEN"]
[SourceDate "2004.01.01"]

1. d4 d5 2. c4 dxc4 3. Nf3 c5 4. e3 cxd4 5. Bxc4 Qc7 6. Qe2 a6 7. O-O dxe3 8.
Bxe3 e6 9. Nc3 Nf6 10. Rac1 Nc6 11. Na4 Bd6 12. Nb6 Rb8 13. Nd4 O-O 14. Nxc6
bxc6 15. Nxc8 Rbxc8 16. Bxa6 Bxh2+ 17. Kh1 Ra8 18. a4 Bf4 19. Bb5 Bxe3 20. Qxe3
Ng4 21. Qh3 Qf4 22. Bd3 Nxf2+ 23. Rxf2 Qxc1+ 24. Rf1 Qh6 0-1

[Event "10. Copenhagen Open"]
[Site "Copenhagen"]
[Date "1988.??.??"]
[Round "5"]
[White "Riemersma, Liafbern"]
[Black "Mortensen, Peter Munch"]
[Result "1-0"]
[WhiteElo "2420"]
[BlackElo "2290"]
[PlyCount "95"]
[EventDate "1988.??.??"]
[EventType "swiss"]
[EventRounds "10"]
[EventCountry "DEN"]
[SourceDate "2004.01.01"]

1. e4 Nf6 2. e5 Nd5 3. d4 d6 4. Nf3 Bg4 5. Be2 e6 6. O-O Be7 7. h3 Bh5 8. c4
Nb6 9. Nc3 O-O 10. Be3 d5 11. c5 Bxf3 12. gxf3 Nc8 13. Kh2 f6 14. f4 f5 15. b4
Qe8 16. Bh5 g6 17. Bf3 Kh8 18. b5 a6 19. Qa4 Ra7 20. Qb3 b6 21. c6 axb5 22.
Nxb5 Ra5 23. Bd2 Nxc6 24. Be2 Rxb5 25. Bxb5 Nxd4 26. Bxe8 Nxb3 27. axb3 Rxe8
28. Ra8 Kg7 29. Rc1 c5 30. Rca1 Kf7 31. Rb8 Nd6 32. exd6 Rxb8 33. Ra7 Re8 34.
Rb7 Kf6 35. dxe7 Rxe7 36. Rxb6 Rc7 37. b4 cxb4 38. Bxb4 h6 39. Bd6 Rd7 40. Be5+
Kf7 41. h4 d4 42. Rd6 Rxd6 43. Bxd6 d3 44. Bb4 e5 45. fxe5 f4 46. Bd2 g5 47.
hxg5 hxg5 48. Kh3 1-0

[Event "10. Copenhagen Open"]
[Site "Copenhagen"]
[Date "1988.??.??"]
[Round "5"]
[White "Schandorff, Lars"]
[Black "Salanki, Endre"]
[Result "1-0"]
[WhiteElo "2400"]
[BlackElo "2335"]
[PlyCount "103"]
[EventDate "1988.??.??"]
[EventType "swiss"]
[EventRounds "10"]
[EventCountry "DEN"]
[SourceDate "2004.01.01"]

1. d4 d5 2. c4 e6 3. Nc3 f5 4. Bf4 Bd6 5. Nh3 c6 6. e3 Nf6 7. Qc2 O-O 8. O-O-O
Qe7 9. Be2 dxc4 10. Bxc4 b5 11. Be2 Na6 12. Bf3 Bd7 13. Kb1 Rab8 14. Bxd6 Qxd6
15. e4 b4 16. e5 Qc7 17. Na4 b3 18. axb3 Nb4 19. Qd2 Nfd5 20. Rc1 Qd8 21. g3
Bc8 22. Be2 h6 23. Bc4 Qa5 24. Nf4 Bd7 25. Nd3 Qd8 26. Ndc5 Bc8 27. h4 Kh8 28.
h5 Qe7 29. f4 Rd8 30. Rcg1 Bd7 31. g4 fxg4 32. Rxg4 Rg8 33. Bd3 Nxd3 34. Qxd3
Be8 35. Nc3 Rf8 36. Nxd5 cxd5 37. Rhg1 Rg8 38. f5 Bxh5 39. R4g3 exf5 40. Qxf5
Qf7 41. Qh3 Rb6 42. e6 Qe8 43. Qf5 g5 44. Qxd5 Bg6+ 45. Kc1 Qb8 46. Re3 Kh7 47.
Qe5 Qf8 48. Nd7 Rc6+ 49. Rc3 Rxc3+ 50. bxc3 Qf2 51. Nf6+ Kh8 52. Ne4+ 1-0

[Event "10. Copenhagen Open"]
[Site "Copenhagen"]
[Date "1988.??.??"]
[Round "5"]
[White "Siklosi, Zoltan"]
[Black "Brinck Claussen, Bjorn"]
[Result "0-1"]
[WhiteElo "2265"]
[BlackElo "2370"]
[PlyCount "90"]
[EventDate "1988.??.??"]
[EventType "swiss"]
[EventRounds "10"]
[EventCountry "DEN"]
[SourceDate "2004.01.01"]

1. e4 e6 2. d4 d5 3. Nd2 c5 4. Ngf3 cxd4 5. exd5 Qxd5 6. Bc4 Qd6 7. O-O Nf6 8.
Nb3 Nc6 9. Qe2 a6 10. a4 Be7 11. Bg5 e5 12. Rfe1 Bg4 13. h3 Bxf3 14. Qxf3 O-O
15. Bh4 e4 16. Qe2 Rfe8 17. Nd2 d3 18. cxd3 exd3 19. Bxd3 Bf8 20. Ne4 Nxe4 21.
Bxe4 Qb4 22. Bg5 h6 23. Bd2 Rxe4 24. Qxe4 Qxd2 25. Red1 Qb4 26. Qe2 Nd4 27. Qd3
Ne6 28. Qc2 Re8 29. Rd7 Nc5 30. Rd5 a5 31. b3 g6 32. Rad1 Re1+ 33. Rxe1 Qxe1+
34. Kh2 b6 35. g3 Qb4 36. h4 h5 37. Re5 Qd4 38. Re3 Bd6 39. Rf3 Qxh4+ 40. Kg2
Qd4 41. Qe2 Qd5 42. Kg1 Nxb3 43. Rd3 Nd4 44. Qe3 Bc5 45. Kh2 Qd7 0-1

[Event "10. Copenhagen Open"]
[Site "Copenhagen"]
[Date "1988.??.??"]
[Round "5"]
[White "Sinkovics, Peter"]
[Black "Horvath, Tamas"]
[Result "1/2-1/2"]
[WhiteElo "2310"]
[BlackElo "2415"]
[PlyCount "87"]
[EventDate "1988.??.??"]
[EventType "swiss"]
[EventRounds "10"]
[EventCountry "DEN"]
[SourceDate "2004.01.01"]

1. d4 Nf6 2. Nf3 c5 3. d5 g6 4. c4 Bg7 5. Nc3 O-O 6. e4 d6 7. h3 a6 8. a4 e6 9.
Bd3 exd5 10. exd5 Re8+ 11. Be3 Nbd7 12. O-O Nh5 13. Qd2 Ne5 14. Nxe5 Rxe5 15.
Rae1 Bd7 16. Ne4 Bf5 17. Ng3 Nxg3 18. fxg3 Bd7 19. a5 Rxe3 20. Rxe3 Bd4 21.
Rfe1 Qf6 22. Kh2 Bxe3 23. Rxe3 Re8 24. Rxe8+ Bxe8 25. b4 Qd4 26. bxc5 Qxc5 27.
Qg5 Qc7 28. Qf6 Ba4 29. Be2 h5 30. g4 hxg4 31. Bxg4 Bb3 32. Be2 Kf8 33. Qc3 Ba4
34. Qa3 Be8 35. Qc3 Ke7 36. h4 Kd8 37. h5 gxh5 38. Bxh5 Qe7 39. Qd4 Qg5 40. Bf3
Qh6+ 41. Kg3 Qg6+ 42. Kh2 Qh6+ 43. Kg1 Qc1+ 44. Kh2 1/2-1/2

[Event "10. Copenhagen Open"]
[Site "Copenhagen"]
[Date "1988.??.??"]
[Round "5"]
[White "Stein, Bernd"]
[Black "Bjerring, Kai"]
[Result "1/2-1/2"]
[WhiteElo "2365"]
[BlackElo "2305"]
[PlyCount "54"]
[EventDate "1988.??.??"]
[EventType "swiss"]
[EventRounds "10"]
[EventCountry "DEN"]
[SourceDate "2004.01.01"]

1. b3 Nf6 2. Bb2 g6 3. e4 d6 4. g3 Bg7 5. Bg2 O-O 6. Ne2 c5 7. O-O Nc6 8. d4
cxd4 9. Nxd4 Bd7 10. c4 Nxd4 11. Bxd4 Bc6 12. Nc3 Qa5 13. Qd3 Nd7 14. Nd5 Bxd5
15. exd5 Bxd4 16. Qxd4 Qc5 17. Rad1 Qxd4 18. Rxd4 Rac8 19. Re1 Rfe8 20. Bh3 Rc7
21. f4 a5 22. Bxd7 Rxd7 23. g4 a4 24. Kf2 axb3 25. axb3 b5 26. Rde4 bxc4 27.
bxc4 Rc8 1/2-1/2